SCRAP-HAPPY HOME DECOR. (Record no. 1160460)

MARC details
000 -LEADER
fixed length control field 00285nam a2200121Ia 4500
008 - FIXED-LENGTH DATA ELEMENTS--GENERAL INFORMATION
fixed length control field 240521s1999 xx 000 0 und d
020 ## - INTERNATIONAL STANDARD BOOK NUMBER
International Standard Book Number 1-57486-140-9
041 ## - LANGUAGE CODE
Language code of text/sound track or separate title eng
100 ## - MAIN ENTRY--PERSONAL NAME
Personal name ANNE VAN
245 ## - TITLE STATEMENT
Title SCRAP-HAPPY HOME DECOR.
260 ## - PUBLICATION, DISTRIBUTION, ETC.
Name of publisher, distributor, etc. LLOYD- LUKE LTD
Date of publication, distribution, etc. 1999
300 ## - PHYSICAL DESCRIPTION
Extent 128

No items available.